El Desarme de la Policía Nacional /
Guardado en:
| 主要作者: | |
|---|---|
| 格式: | Texto |
| 主題: | |
| 標簽: |
添加標簽
沒有標簽, 成為第一個標記此記錄!
|
MARC
| LEADER | 00000 a a2200000 04500 | ||
|---|---|---|---|
| 001 | 9387 | ||
| 003 | |||
| 040 | |||
| 100 | |a García, Pantaleón | ||
| 245 | |a El Desarme de la Policía Nacional / |c Pantaleón García | ||
| 650 | |a POLICIA | ||
| 650 | |a INTERVENCION EXTRANJERA | ||
| 650 | |a RELACIONES INTERNACIONALES | ||
| 650 | |a DERECHOS CIVILES | ||
| 650 | |a VIOLENCIA | ||
| 650 | |a CONFLICTOS | ||
| 650 | |a POLITICA DE SEGURIDAD NACIONAL | ||
| 773 | |g número 425; páginas 37-56 | ||
| 999 | |c 38699 |d 38699 | ||
